| 000 | 00873cam a22002654a 4500 | ||
|---|---|---|---|
| 005 | 20260322212044.0 | ||
| 008 | data | ||
| 010 | _a 2007044444 | ||
| 020 | _a9780195310306 (pbk. : alk. paper) | ||
| 020 | _a0195310306 | ||
| 040 |
_aDLC _cDLC _dDLC |
||
| 050 | 0 | 0 |
_aBX8635.3 _b.B87 2008 |
| 082 | 0 | 0 |
_a289.3 _222 |
| 092 | _a289.3 B87 2008 | ||
| 100 | 1 | _aBushman, Richard L. | |
| 245 | 1 | 0 |
_aMormonism : _ba very short introduction / _cRichard L. Bushman. |
| 260 |
_aNew York : _bOxford University Press, _cc2008. |
||
| 300 |
_axiii, 130 p. : _bill. ; _c18 cm. |
||
| 490 | 0 | _aVery short introductions | |
| 504 | _aIncludes bibliographical references and index. | ||
| 505 | 0 | _aRevelation -- Zion -- Priesthood -- Cosmology -- Nineteenth-century Utah -- The Mormon world. | |
| 610 | 2 | 0 | _aChurch of Jesus Christ of Latter-day Saints. |
| 650 | 0 | _aMormon Church. | |
| 001 | data | ||
| 999 |
_c1047 _d1047 |
||